[Event "ch-USA w 2012"]
[Site "Saint Louis USA"]
[Date "2012.05.15"]
[Round "6"]
[White "Abrahamyan,T"]
[Black "Foisor,S"]
[Result "1-0"]
[WhiteElo "2329"]
[BlackElo "2364"]

1.e4 d6 2.d4 Nf6 3.Nc3 e5 4.Nf3 Nbd7 5.Bc4 Be7 6.O-O O-O 7.Re1 c6 8.a4 b6
9.Ba2 a6 10.h3 Rb8 11.Bg5 Re8 12.Qd2 b5 13.Rad1 b4 14.Nb1 Qa5 15.dxe5 Nxe5
16.Nxe5 dxe5 17.Bb3 Be6 18.Bxe6 fxe6 19.b3 Rf8 20.Qe2 Bc5 21.Nd2 Bd4 22.Nf3 Qc5
23.Rd3 h6 24.Be3 Bxe3 25.Qxe3 Qxc2 26.Rc1 Qb2 27.Rxc6 Rbd8 28.Rxd8 Rxd8 29.Rxe6 Qb1+
30.Kh2 Nxe4 31.Rxe5 Nf6 32.Qb6 Rd1 33.Qxb4 Rh1+ 34.Kg3 Qg6+ 35.Kf4 Qxg2 36.Qc4+ Kh7
37.Qd3+ Kg8 38.Rc5 Qxh3 39.Qc4+ Kh7 40.Qc2+ Kh8 41.Rc8+ Ng8 42.Qc4 g5+ 43.Ke5 Re1+
44.Nxe1 Qh2+ 45.Ke4 Qf4+ 46.Kd3 Qf5+ 47.Ke2  1-0

[Event "Open Hradec Kralove 2012"]
[Site "Hradec Kralove CZE"]
[Date "2012.05.16"]
[Round "6"]
[White "Paldus,P"]
[Black "Kubat,P"]
[Result "1-0"]
[WhiteElo "2005"]
[BlackElo "1920"]

1.e4 Nf6 2.Nc3 d6 3.d4 c6 4.Nf3 Bg4 5.h3 Bxf3 6.Qxf3 e5 7.dxe5 dxe5 8.Bc4 Be7
9.O-O O-O 10.Be3 Nbd7 11.Rad1 Qc7 12.g4 b5 13.Bb3 Nc5 14.g5 Nfd7 15.Qg4 Rfd8
16.Ne2 Nxb3 17.axb3 Nc5 18.Ng3 g6 19.h4 Rxd1 20.Rxd1 Rd8 21.Ra1 a5 22.h5 Ne6
23.hxg6 hxg6 24.Kg2 Nf4+ 25.Kf3 Ne6 26.Rh1 Bf8 27.Nf5 gxf5 28.exf5 Nd4+ 29.Bxd4 Rxd4
30.Qh5 Bg7 31.f6 Rf4+ 32.Ke2 Rxf6 33.gxf6 Bxf6 34.Qf5 Bg7 35.Rd1 Qe7 36.Rd7 Qf8
37.Qg5 Kh7 38.Rd8 Qc5 39.Qh5+ Bh6 40.Qxf7+ Bg7 41.Qf5+ Kh6 42.Qh3+ Kg6 43.Qd3+ Kf7
44.Qd7+ Qe7 45.Qxe7+ Kxe7 46.Ra8 Kd6 47.Rxa5 Bh6 48.Ra1 Bf4 49.Kd3 Kd5 50.f3 Bg3
51.b4 c5 52.bxc5 Kxc5 53.Ke4 Bf4 54.Rd1 Kc4 55.Rd5 Bc1 56.b3+ Kc3 57.Rc5+ Kb2
58.Kxe5 b4 59.f4 Bd2 60.Ke4 Be1 61.Kd3 Bf2 62.Rc6 Bh4 63.f5  1-0

[Event "Serbia Cup Final 2012"]
[Site "Kragujevac SRB"]
[Date "2012.05.16"]
[Round "3"]
[White "Simic,Dragi"]
[Black "Stojanovic,Andj"]
[Result "1/2-1/2"]
[WhiteElo "2315"]
[BlackElo "2293"]

1.e4 d6 2.d4 Nf6 3.Nc3 e5 4.Nf3 exd4 5.Nxd4 Be7 6.Bf4 O-O 7.Qd2 a6 8.O-O-O b5
9.f3 c5 10.Nf5 Bxf5 11.exf5 Nc6 12.g4 b4 13.Nd5 Nxd5 14.Qxd5 Bg5 15.Bxg5 Qxg5+
16.Kb1 Nd4 17.Bc4 Qf4 18.Qe4 Qxe4 19.fxe4 Rfe8 20.g5 Kf8 21.Rhf1 Ra7 22.Rf4 Rae7
23.Bd5 Re5 24.h4  1/2-1/2

[Event "Serbia Cup Final 2012"]
[Site "Kragujevac SRB"]
[Date "2012.05.16"]
[Round "3"]
[White "Gavrilovic,L"]
[Black "Kovacevic,Draga"]
[Result "0-1"]
[WhiteElo "2254"]
[BlackElo "2225"]

1.e4 d6 2.d4 Nf6 3.Nc3 c6 4.f4 Qa5 5.Bd3 e5 6.Nf3 Nbd7 7.Bd2 Qc7 8.O-O Be7
9.Kh1 O-O 10.Qe2 a6 11.a4 exd4 12.Nxd4 Re8 13.g4 Bf8 14.g5 Nd5 15.Nd1 c5
16.Nf3 b6 17.c3 Bb7 18.Qg2 c4 19.Bc2 Ne7 20.Ne3 Nc5 21.Nd4 Nd3 22.b3 b5 23.bxc4 bxc4
24.Bd1 Qc5 25.Rb1 Rab8 26.Bf3 Nxf4 27.Qg4 Nfg6 28.Bg2 Ne5 29.Qg3 Ba8 30.h4 Rxb1
31.Rxb1 Qa3 32.Nef5 Nxf5 33.exf5 Qa2 34.Qe1 Qxa4  0-1

[Event "71st ch-GEO 2012"]
[Site "Tbilisi GEO"]
[Date "2012.05.16"]
[Round "4"]
[White "Quparadze,G"]
[Black "Gagunashvili,M"]
[Result "1/2-1/2"]
[WhiteElo "2471"]
[BlackElo "2570"]

1.e4 d6 2.d4 Nf6 3.Nc3 e5 4.Nf3 Nbd7 5.Bc4 Be7 6.O-O O-O 7.Re1 c6 8.a4 Qc7
9.Ba2 h6 10.Nh4 Re8 11.dxe5 Nxe5 12.h3 Nh7 13.Nf3 Nxf3+ 14.Qxf3 Bf6 15.Bf4 Be5
16.Rad1 Be6 17.Bxe6 Rxe6 18.Bxe5 dxe5 19.Qe3 Nf8 20.Rd3 Rd6 21.Rxd6 Qxd6
22.Rd1 Qc7 23.g3 Ne6 24.Kg2  1/2-1/2

[Event "HC Andersen Mindgames"]
[Site "Odense DEN"]
[Date "2012.05.17"]
[Round "3.9"]
[White "Hansen,Mads3"]
[Black "Rusev,K"]
[Result "1-0"]
[WhiteElo "2302"]
[BlackElo "2525"]

1.e4 d6 2.d4 Nf6 3.Nc3 e5 4.Nf3 Nbd7 5.Bc4 Be7 6.O-O O-O 7.a4 a6 8.Re1 b6
9.Bg5 c6 10.Qe2 h6 11.Bh4 Bb7 12.Rad1 Qc7 13.Bb3 Rae8 14.Nb1 g6 15.c3 Kg7
16.Nbd2 b5 17.Nf1 Bd8 18.axb5 axb5 19.Bc2 Qb8 20.Qd2 Be7 21.Ne3 Rd8 22.c4 Rfe8
23.Qa5 Ba8 24.b3 b4 25.Qa1 Bf8 26.h3 Rc8 27.Re2 Nh5 28.Red2 Kg8 29.Qc1 exd4
30.Nxd4 Nc5 31.f3 Qa7 32.Bf2 Qe7 33.Ne2 Qf6 34.Ng4 Qe6 35.Qa1 f5 36.exf5 gxf5
37.Nd4 Qf7 38.Nxf5 Re6 39.Nxd6  1-0

[Event "21st CRO-Cup"]
[Site "Sibenik CRO"]
[Date "2012.05.17"]
[Round "3.82"]
[White "Dulic,G"]
[Black "Ostovic,M"]
[Result "1-0"]
[WhiteElo "2272"]
[BlackElo "2321"]

1.e4 d6 2.d4 Nf6 3.Nc3 e5 4.Nf3 Nbd7 5.Bc4 Be7 6.O-O O-O 7.Re1 c6 8.a4 a5
9.h3 exd4 10.Qxd4 Nc5 11.b3 Ncxe4 12.Nxe4 Nxe4 13.Qxe4 Bf6 14.Bd3 Bf5 15.Qxf5 g6
16.Qf4 Bxa1 17.Ba3 Bc3 18.Re3 Qf6 19.Qxf6 Bxf6 20.Bxd6 Rfe8 21.Rxe8+ Rxe8
22.g3 Bc3 23.Kg2 Kg7 24.h4 h6 25.Bf4 Rd8 26.Kf1 Rd5 27.Ke2 b5 28.Bd2 Bxd2
29.Kxd2 bxa4 30.bxa4 Kf6 31.Kc3 g5 32.Be4 Rd6 33.hxg5+ hxg5 34.g4 Re6 35.Nd2 Ke7
36.f3 Kd6 37.Nc4+ Kc5 38.Nxa5 Re7 39.Nxc6 Re8 40.Nd4 Re7 41.Nb3+  1-0

[Event "Asian Nations Chess Cup"]
[Site "Zaozhuang CHN"]
[Date "2012.05.17"]
[Round "1.1"]
[White "Lai,Cyrus Ho-yeung"]
[Black "Ghaem Maghami,E"]
[Result "0-1"]
[WhiteElo "1826"]
[BlackElo "2579"]

1.e4 d6 2.d4 Nf6 3.Nc3 c6 4.h3 Nbd7 5.Be3 e5 6.Nf3 b5 7.a3 a6 8.Be2 Be7 9.O-O O-O
10.Nd2 exd4 11.Bxd4 c5 12.Be3 Bb7 13.f4 d5 14.exd5 Nb6 15.Nde4 Nxe4 16.Nxe4 Nxd5
17.Bxc5 f5 18.Bxe7 Qxe7 19.Ng5 Ne3 20.Qd3 Rad8 21.Qc3 Rc8 22.Qb3+ Bd5 23.c4 bxc4
24.Qc3 Nxf1 25.Bxf1 Rfe8 26.Rd1 Qc5+ 27.Kh2 h6 28.Nf3 Bxf3 29.Qxf3 Qe3 30.Qd5+ Qe6
31.Qd2 Kh8 32.Qd4 Qe4 33.Qxe4 Rxe4 34.Kg3 Rb8 35.Rd2 Rb3+ 36.Kh2 Rxf4 37.Be2 c3
38.bxc3 Rxc3 39.Bxa6 Rxa3 40.Bb7 Ra7 41.Bc6 g6 42.Bf3 Kg7 43.Rb2 Rd4 44.Bc6 h5
45.Bf3 h4 46.Rc2 Ra1  0-1

[Event "TUR-ALG Friendship w 2012"]
[Site "Ankara TUR"]
[Date "2012.05.18"]
[Round "6"]
[White "Ulusoy,Nisan"]
[Black "Hamza,A"]
[Result "1/2-1/2"]
[WhiteElo "1711"]
[BlackElo "1859"]

1.e4 d6 2.d4 Nf6 3.Nc3 Nbd7 4.f4 e5 5.Nf3 exd4 6.Nxd4 c6 7.Qf3 Nc5 8.b4 Ne6
9.Be3 d5 10.Nxe6 Bxe6 11.a3 d4 12.f5 dxe3 13.Rd1 Bd7 14.e5 Be7 15.exf6 Bxf6
16.Qxe3+ Qe7 17.Ne4 Kf8 18.Qf3 c5 19.Qe2 cxb4 20.Nxf6 gxf6 21.Qxe7+ Kxe7
22.axb4 Bxf5 23.Be2 Bxc2 24.Rc1 Rac8 25.Bf3 b6 26.Bb7 Rc7 27.Ba6 Rd8 28.O-O Rd2
29.Rce1+ Kf8 30.Rxf6 Bd3 31.Bxd3 Rxd3 32.Rf4 Rdc3 33.Ref1 R3c4 34.g4 b5 35.h4 Rxf4
36.Rxf4 Rc4 37.Rxc4 bxc4 38.Kf2 Ke7 39.Ke3 Ke6 40.Kd4 c3 41.Kxc3 Ke5 42.Kc4 Kf4
43.g5 Kg4 44.Kb5 Kxh4 45.Ka6 Kxg5 46.Kxa7 h5 47.b5 h4 48.b6 h3 49.b7 h2 50.b8=Q h1=Q
51.Qg3+ Kf5 52.Qf2+ Ke6 53.Qe3+ Kd6 54.Qf4+ Ke7 55.Qe5+ Kd7 56.Qf5+ Ke7 57.Qe5+ Kd8
58.Qf6+ Ke8 59.Qe5+ Kf8 60.Qd6+ Kg7 61.Qg3+ Kh6 62.Qf4+ Kg6 63.Qg4+ Kf6 64.Qf4+ Ke6
65.Qe3+ Kd6 66.Qf4+  1/2-1/2

[Event "TUR-ALG Friendship m 2012"]
[Site "Ankara TUR"]
[Date "2012.05.18"]
[Round "6"]
[White "Koksal,E"]
[Black "Haddouche,M"]
[Result "0-1"]
[WhiteElo "2200"]
[BlackElo "2442"]

1.d4 d6 2.e4 Nf6 3.Nc3 e5 4.dxe5 dxe5 5.Qxd8+ Kxd8 6.Bc4 Ke8 7.Nf3 Bd6 8.Bg5 Nbd7
9.O-O-O a6 10.a4 h6 11.Bxf6 Nxf6 12.Rhe1 Ke7 13.Nd2 c6 14.a5 Bb4 15.Nb3 Nd7
16.Re3 b5 17.axb6 Nxb6 18.Nd2 a5 19.Ba2 Ba6 20.Bb3 Bc5 21.Rg3 g6 22.Na4 Nxa4
23.Bxa4 Be2 24.Re1 Bb5 25.Bxb5 Bxf2 26.Rf1 Bxg3 27.Bxc6 Rac8 28.Bd5 Bf4 29.Kd1 f5
30.Nc4 fxe4 31.Na3 Rhf8 32.Bxe4 Rcd8+ 33.Ke1 Bd2+ 34.Ke2 Rxf1 35.Kxf1 Bc1
36.Nc4 Rd4 37.Bd3 e4 38.Be2 e3 39.Nxa5 Rf4+ 40.Ke1 Bd2+ 41.Kd1  0-1

[Event "Serbia Cup Final 2012"]
[Site "Kragujevac SRB"]
[Date "2012.05.18"]
[Round "5"]
[White "Ivanisevic,I"]
[Black "Markovic,Miros1"]
[Result "1-0"]
[WhiteElo "2655"]
[BlackElo "2480"]

1.d4 d6 2.e4 Nf6 3.Nc3 c6 4.f4 e5 5.dxe5 dxe5 6.Qxd8+ Kxd8 7.fxe5 Ng4 8.Nf3 Bc5
9.h3 Ne3 10.Bd3 b5 11.Ke2 Nc4 12.a4 Be6 13.axb5 Nd7 14.Bg5+ Kc7 15.bxc6 Kxc6
16.Ra6+ Ncb6 17.Rha1 Kb7 18.Nb5 Nc8 19.Bd2 Nb8 20.R6a4 Nc6 21.b4 Be7 22.Nbd4 Nxd4+
23.Nxd4 Nb6 24.Ba6+ Kc7 25.R4a3 Bd7 26.c4 Bc6 27.c5 Nd7 28.Bf4  1-0

[Event "Serbia Cup Final 2012"]
[Site "Kragujevac SRB"]
[Date "2012.05.18"]
[Round "5"]
[White "Radovanovic,Nik"]
[Black "Milosevic,Sla"]
[Result "1-0"]
[WhiteElo "2181"]
[BlackElo "2254"]

1.e4 d6 2.d4 Nf6 3.Nc3 e5 4.Nf3 Nbd7 5.g4 Nxg4 6.Rg1 exd4 7.Nxd4 Ndf6 8.Be2 Ne5
9.Bg5 h6 10.Bxf6 Qxf6 11.Nd5 Qd8 12.Nb5 Qh4 13.Nbxc7+ Kd8 14.Nxa8 Qxe4 15.Ne3 Be6
16.Qd2 b6 17.Nxb6 axb6 18.O-O-O Be7 19.Qd4 Qxd4 20.Rxd4 Kc7 21.Nd5+ Bxd5
22.Rxd5 g5 23.Rd4 Ra8 24.Kb1 Ra5 25.c4 Ra8 26.Rg3 Re8 27.Bh5 Bf6 28.Re4 Re7
29.Ra3 Kc6 30.Bf3 Kc5 31.b4+ Kxb4 32.Rb3+ Ka5 33.Be2 Nd7 34.Rxe7 Bxe7 35.Ra3+  1-0

[Event "21st CRO-Cup"]
[Site "Sibenik CRO"]
[Date "2012.05.18"]
[Round "4.71"]
[White "Bubalovic,D"]
[Black "Vidovic,S"]
[Result "1-0"]
[WhiteElo "2280"]
[BlackElo "2367"]

1.e4 d6 2.d4 Nf6 3.Nc3 c6 4.f4 Qa5 5.Bd3 e5 6.Nf3 Nbd7 7.a3 Be7 8.O-O O-O
9.Kh1 Qc7 10.Be3 Ng4 11.Bd2 exd4 12.Nxd4 Nc5 13.Be2 Nf6 14.Bf3 g6 15.Qe1 Re8
16.b4 Ncd7 17.Qg3 Bf8 18.Rae1 Bg7 19.Nb3 Rf8 20.e5 Ne8 21.Re2 dxe5 22.Rfe1 f6
23.h4 Nd6 24.h5 Nf5 25.Qh2 exf4 26.Bxf4 Ne5 27.Ne4 Qf7 28.Bxe5 fxe5 29.Ng5 Qe7
30.Nxh7 Kxh7 31.hxg6+ Kxg6 32.Bh5+ Kg5 33.Re4 Rh8 34.Rg4+ Kf6 35.Nc5 Rh6
36.Rf1 Qf8 37.Qh4+  1-0

[Event "50th ch-IND Challengers 2012"]
[Site "Tirupati IND"]
[Date "2012.05.18"]
[Round "1.15"]
[White "Girinath,P"]
[Black "Rohan,A"]
[Result "1/2-1/2"]
[WhiteElo "2343"]
[BlackElo "1922"]

1.e4 d6 2.d4 Nf6 3.Nc3 e5 4.Nge2 Be7 5.h3 O-O 6.Be3 Re8 7.g3 c6 8.Bg2 Nbd7
9.O-O Qc7 10.a4 Nf8 11.f4 exd4 12.Nxd4 Ne6 13.Re1 Bf8 14.Bf2 a5 15.Nxe6 Bxe6
16.Qd4 Be7 17.Rad1 Red8 18.g4 Ne8 19.g5 g6 20.Qd3 f6 21.h4 fxg5 22.hxg5 Ng7
23.Bd4 Rf8 24.Rf1 Bg4 25.Rde1 Ne6 26.Qc4 Rf7 27.Be3 Raf8 28.f5 Nxg5 29.Nd5 Qd8
30.Nxe7+ Qxe7 31.f6 Qe6 32.Qxe6 Nxe6 33.Bh6 Rd8 34.Kh2 Nc5 35.e5 dxe5 36.Rxe5 Nd7
37.Rg5 Be6 38.Bg7 Bf5 39.Rfxf5 gxf5 40.Bh3 Ne5 41.Rxf5 Rxg7 42.fxg7 Ng6 43.Rxa5 Rd2+
44.Kg3 Rxc2 45.Ra7 Rxb2 46.Bc8 Kxg7 47.Rxb7+ Rxb7 48.Bxb7 Ne7 49.a5 Nd5 50.a6 Nc7
51.a7 Kf6 52.Kf4 Ke6 53.Ke4 Kd6 54.a8=Q Nxa8 55.Bxa8 h5 56.Bxc6  1/2-1/2

[Event "Deltalift Open 2012"]
[Site "Tylosand SWE"]
[Date "2012.05.18"]
[Round "5.6"]
[White "Nilsson,S"]
[Black "Wiander,M"]
[Result "1-0"]
[WhiteElo "2346"]
[BlackElo "2152"]

1.e4 d6 2.d4 Nf6 3.Nc3 e5 4.Nf3 Bg4 5.dxe5 Bxf3 6.Qxf3 dxe5 7.Bd2 c6 8.O-O-O Qc7
9.g4 Nfd7 10.g5 b5 11.Kb1 Nb6 12.h4 a5 13.h5 N8d7 14.Bh3 a4 15.Ne2 Nc5 16.Nc1 Ne6
17.g6 Nd4 18.gxf7+ Qxf7 19.Qxf7+ Kxf7 20.Be3 Nc4 21.Bxd4 exd4 22.Rxd4 Be7
23.Nd3 c5 24.Rd7 Rhd8 25.e5 Nb6 26.Rb7 c4 27.Nf4 Rab8 28.Rc7 Na8 29.Ra7 Rb6
30.Bg2  1-0

[Event "6th Wunsiedel Open"]
[Site "Wunsiedel GER"]
[Date "2012.05.18"]
[Round "4"]
[White "Schroeder,Ja"]
[Black "Neuman,P"]
[Result "1/2-1/2"]
[WhiteElo "2306"]
[BlackElo "2472"]

1.e4 d6 2.d4 Nf6 3.Nc3 e5 4.Nf3 Nbd7 5.Bc4 Be7 6.O-O O-O 7.Re1 c6 8.a4 a5
9.Ba2 exd4 10.Nxd4 Nc5 11.Bf4 Be6 12.Nxe6 fxe6 13.e5 dxe5 14.Bxe5 Qb6 15.Qe2 Kh8
16.Bc4  1/2-1/2

[Event "e2e4 Amersham Open"]
[Site "Amersham ENG"]
[Date "2012.05.19"]
[Round "3"]
[White "Onley,E J David"]
[Black "Reid,V"]
[Result "1-0"]
[WhiteElo "2125"]
[BlackElo "1822"]

1.e4 d6 2.d4 Nf6 3.Nc3 e5 4.Nf3 Nbd7 5.Be2 Be7 6.O-O O-O 7.Re1 c6 8.a4 a5
9.h3 Qc7 10.Bf1 b6 11.Bg5 Bb7 12.Qd2 Rfe8 13.Rad1 Rad8 14.Bd3 Nf8 15.Ne2 Ng6
16.Ng3 h6 17.Be3 Bf8 18.dxe5 dxe5 19.Qc1 Nd7 20.Bc4 Nc5 21.b3 Bc8 22.Bd2 Ba6
23.Bxa6 Nxa6 24.Bc3 Bb4 25.Qb2 Bxc3 26.Qxc3 Nc5 27.Nd2 Rd7 28.Nc4 Red8 29.Rxd7 Rxd7
30.Nxa5 Nxa4 31.Qxc6 bxa5 32.Qxa4 Qc3 33.Rf1 Nf8 34.Nf5 Qxc2 35.Qxa5 Qxe4
36.Ne3 Ng6 37.Qa4 Rd4 38.Qe8+ Nf8 39.Ra1 Qb7 40.Nf5 Rd7 41.Ra8  1-0

[Event "Serbia Cup Final 2012"]
[Site "Kragujevac SRB"]
[Date "2012.05.19"]
[Round "6"]
[White "Sredojevic,I"]
[Black "Marinovic,B"]
[Result "1-0"]
[WhiteElo "2421"]
[BlackElo "2396"]

1.e4 d6 2.d4 Nf6 3.Nc3 e5 4.Nf3 Nbd7 5.Bc4 Be7 6.O-O O-O 7.a4 c6 8.Re1 b6
9.Bg5 Qc7 10.d5 Bb7 11.dxc6 Bxc6 12.b3 a6 13.Nh4 h6 14.Bxh6 gxh6 15.Nf5 Rfe8
16.Qf3 Bf8 17.Qg3+ Kh8 18.Bxf7 Nc5 19.Qg6 Qd8 20.Rad1 Bd7 21.Nxd6 Bxd6 22.Rxd6 Nh7
23.Nd5 Qg5 24.b4 Nxa4 25.Rxd7 Red8 26.Rxd8+ Rxd8 27.Qc6 b5 28.Be6 Nf8 29.Bf5 Nb2
30.g3 Nc4 31.h4 Qd2 32.Qf6+  1-0

[Event "Serbia Cup Final 2012"]
[Site "Kragujevac SRB"]
[Date "2012.05.19"]
[Round "6"]
[White "Rogac,S"]
[Black "Rabrenovic,V"]
[Result "1/2-1/2"]
[WhiteElo "2298"]
[BlackElo "2397"]

1.e4 d6 2.d4 Nf6 3.Nc3 e5 4.dxe5 dxe5 5.Qxd8+ Kxd8 6.Bc4 Ke8 7.Bg5 Nbd7 8.O-O-O a6
9.f3 c6 10.Be2 h6 11.Be3 Bc5 12.Bxc5 Nxc5 13.b4 Ne6 14.Bc4 b5 15.Bb3 a5 16.a3 a4
17.Ba2 Ke7 18.Nge2 h5 19.h4 Nd7 20.Rd2 Nb6 21.Nd1 g6 22.Ne3 Nf4 23.c4 Be6
24.c5 Nd7 25.Rhd1 Nxe2+ 26.Rxe2 Bxa2 27.Rxa2 Rhd8 28.Rd6 Rac8 29.Rad2 Nf6  1/2-1/2

[Event "21st CRO-Cup"]
[Site "Sibenik CRO"]
[Date "2012.05.19"]
[Round "5.44"]
[White "Vargic,D"]
[Black "Matijevic,H"]
[Result "0-1"]
[WhiteElo "2351"]
[BlackElo "2199"]

1.e4 d6 2.d4 Nf6 3.Nc3 e5 4.Nf3 Nbd7 5.Bc4 Be7 6.O-O O-O 7.Re1 c6 8.a4 a5
9.b3 exd4 10.Nxd4 Nc5 11.f3 Be6 12.Bf1 d5 13.e5 Nfd7 14.f4 f5 15.exf6 Bxf6
16.Rb1 Bg4 17.Qd2 Qb6 18.Bb2 Nxb3 19.cxb3 Qxd4+ 20.Qxd4 Bxd4+ 21.Kh1 Rxf4
22.h3 Bf5 23.Rbd1 Bxc3 24.Bxc3 Be4 25.Kh2 Nc5 26.Re3 Raf8 27.Kg1 b6 28.Be5 R4f5
29.Bd6 R8f6 30.Bc7 Bc2 31.Rc1 Nxb3 32.Rxc2 Rxf1+ 33.Kh2 Nd4 34.Rb2 b5 35.Be5 Nf5
36.Ree2 Re6 37.axb5 cxb5 38.g4 Ne7 39.Rxb5 a4 40.Re3 Rf2+ 41.Kg3 Rf8 42.Bd4 Rxe3+
43.Bxe3 Ra8 44.Bd4 Nc6 45.Ba1 Ra5 46.Rb7 Ra7 47.Rb6 Na5 48.Bd4 Ra8 49.Kf4 a3
50.Kf5 a2 51.Ke6 Re8+ 52.Kxd5 Rd8+ 53.Ke6 h6 54.Bc3 Rd1 55.Kf5 a1=Q 56.Bxa1 Rxa1
57.Kg6 Rf1 58.h4 Nc4 59.Re6 Rf8 60.g5 hxg5 61.hxg5 Rd8 62.Re7 Rd6+ 63.Kf5 Kh7
64.Re4 g6+ 65.Kf4 Nb6 66.Re7+ Kg8 67.Rb7 Re6 68.Ra7 Nd5+ 69.Kf3 Ne7 70.Kf4 Kf7
71.Ra5 Rc6 72.Ra8 Rc8 73.Ra6 Rc1 74.Rf6+ Kg7 75.Ra6 Rc4+ 76.Kf3 Nc6 77.Kg3 Ne5
78.Ra7+ Kf8 79.Ra5 Rg4+  0-1

[Event "e2e4 Amersham Open"]
[Site "Amersham ENG"]
[Date "2012.05.20"]
[Round "5"]
[White "Moss,Guy"]
[Black "Reid,V"]
[Result "1-0"]
[WhiteElo "1888"]
[BlackElo "1822"]

1.e4 d6 2.d4 Nf6 3.Nc3 e5 4.Nf3 Nbd7 5.Bc4 Be7 6.O-O O-O 7.Be3 c6 8.Qe2 h6
9.Rad1 Qc7 10.Bb3 b5 11.a3 a5 12.d5 Ba6 13.dxc6 b4 14.Nb5 Qxc6 15.a4 Bxb5
16.axb5 Qxe4 17.Qd2 Rfc8 18.Ba4 Qb7 19.Qe2 Nd5 20.Bb3 Nxe3 21.fxe3 Nf6 22.Nh4 a4
23.Ba2 d5 24.Nf5 Bc5 25.Nxh6+ Kf8 26.Nf5 Rd8 27.Qf3 e4 28.Qh3 Kg8 29.Rf4 Bxe3+
30.Nxe3 Qc8 31.Qxc8 Raxc8 32.Nxd5 b3 33.Nxf6+ gxf6 34.Rxd8+ Rxd8 35.cxb3 e3
36.Rf1 Rd2 37.bxa4 Rxb2 38.Bd5 Rd2 39.Bc6  1-0

[Event "TCh-HUN 2011-12"]
[Site "Budapest HUN"]
[Date "2012.05.20"]
[Round "11"]
[White "Kovacs,Ga4"]
[Black "Bodiroga,P"]
[Result "1-0"]
[WhiteElo "1913"]
[BlackElo "2414"]

1.d4 d6 2.e4 Nf6 3.Nc3 e5 4.Nf3 Nbd7 5.Bc4 Be7 6.O-O O-O 7.Re1 a6 8.a4 b6
9.Bg5 h6 10.Be3 c6 11.d5 Bb7 12.dxc6 Bxc6 13.Qd3 Ng4 14.Bd5 Qc7 15.Qc4 Nb8
16.Bxc6 Nxe3 17.Rxe3 Qxc6 18.Qe2 Qb7 19.Nd5 Nc6 20.h3 Rfc8 21.c3 b5 22.axb5 axb5
23.Rxa8 Rxa8 24.b4 Bd8 25.Rd3 Ra1+ 26.Rd1 Rxd1+ 27.Qxd1 Ne7 28.Nxe7+ Bxe7
29.Qc2 Qc6 30.Kf1 Bd8 31.Qd3 Bb6 32.Ne1 g6 33.Nc2 Kg7 34.Ke2 Ba7 35.f3 Qa6
36.Kd2 Bf2 37.Kc1 Bg3 38.Kb2 Bf4 39.Qf1 Bd2 40.Qd1 Bf4 41.Na3 f5 42.Qe1 h5
43.g3 Bh6 44.Qf1 fxe4 45.fxe4 Qa8 46.Nxb5 Qxe4 47.Nxd6 Qd5 48.Ne8+ Kh8 49.Qf6+ Kh7
50.Qe7+ Kh8 51.Qd6 Qxd6 52.Nxd6 Bf8 53.Ne4  1-0

[Event "21st CRO-Cup"]
[Site "Sibenik CRO"]
[Date "2012.05.20"]
[Round "6.41"]
[White "Srbis,J"]
[Black "Jovanovic,Zo CRO"]
[Result "0-1"]
[WhiteElo "2297"]
[BlackElo "2544"]

1.d4 d6 2.e4 Nf6 3.Nc3 e5 4.Nge2 Be7 5.g3 c6 6.a4 exd4 7.Nxd4 d5 8.e5 Ng4
9.e6 Nf6 10.Bh3 O-O 11.O-O Kh8 12.Qe2 c5 13.Nf3 Nc6 14.Re1 d4 15.Ne4 Nxe4
16.Qxe4 fxe6 17.Bf4 Qd5 18.Kg2 Qxe4 19.Rxe4 Nd8 20.Ng5 Bxg5 21.Bxg5 Nf7 22.Bf4 b6
23.Re2 e5 24.Bxc8 exf4 25.Bb7 Rab8 26.Re7 Nd6 27.Bd5 Rf5 28.Be6 f3+ 29.Kf1 Re5
30.Re1 Ne4 31.Kg1 c4 32.Rd7  0-1

[Event "21st CRO-Cup"]
[Site "Sibenik CRO"]
[Date "2012.05.20"]
[Round "6.42"]
[White "Zaja,I"]
[Black "Ostovic,M"]
[Result "1-0"]
[WhiteElo "2511"]
[BlackElo "2321"]

1.d4 d6 2.e4 Nf6 3.Nc3 e5 4.Nf3 Nbd7 5.Bc4 Be7 6.O-O O-O 7.Re1 c6 8.a4 a5
9.h3 exd4 10.Qxd4 Nc5 11.b3 Be6 12.Ba3 Nfd7 13.Bf1 Qc7 14.Rad1 Ne5 15.Nh2 f5
16.exf5 Rxf5 17.Bxc5 dxc5 18.Qe4 Bd6 19.f4 Raf8 20.Rxd6 Qxd6 21.fxe5 Qd2
22.Nd1 Bd5 23.Bc4 Rxe5 24.Bxd5+ Rxd5 25.Qe6+ Kh8 26.Nf3 Qf4 27.Ne3 Rd6 28.Qe7 Rg6
29.Ng4 h5 30.Nge5 Rg3 31.Qxc5 Kh7 32.h4 Rf5 33.Qe3 Qb4 34.Kh2 Rg4 35.Nxg4 hxg4
36.Ng5+ Kh6 37.Ne4+  1-0

[Event "Calgary International 2012"]
[Site "Calgary CAN"]
[Date "2012.05.21"]
[Round "9.5"]
[White "Miller,David"]
[Black "Porper,E"]
[Result "0-1"]
[WhiteElo "2049"]
[BlackElo "2414"]

1.e4 d6 2.d4 Nf6 3.Nc3 e5 4.Nf3 Nbd7 5.Bc4 Be7 6.O-O O-O 7.h3 a6 8.a4 b6
9.Re1 Bb7 10.dxe5 dxe5 11.Nd5 Nxd5 12.Bxd5 c6 13.Bb3 Qc7 14.c3 Rad8 15.Qe2 Nc5
16.Bc2 a5 17.b4 Ba6 18.Qe3 Nd3 19.Bxd3 Rxd3 20.Qe2 axb4 21.cxb4 Bxb4 22.Bb2 Bxe1
23.Nxe1 Rb3 24.Qc2 Rb4 25.Ba3 Rc4 26.Qb3 Rd8 27.f3 b5 28.Bb2 bxa4 29.Rxa4 Rxa4
30.Qxa4 Qb6+ 31.Kh2 Qxb2 32.Qxa6 Qd2 33.Qb6 h5 34.Nc2 Qf4+  0-1

[Event "50th ch-IND Challengers 2012"]
[Site "Tirupati IND"]
[Date "2012.05.21"]
[Round "6.19"]
[White "Matta,V"]
[Black "Sagar,S"]
[Result "1/2-1/2"]
[WhiteElo "2228"]
[BlackElo "2301"]

1.e4 d6 2.d4 Nf6 3.Nc3 c6 4.Nf3 Bg4 5.Be2 e6 6.O-O d5 7.Ne5 Bxe2 8.Qxe2 dxe4
9.Nxe4 Nxe4 10.Qxe4 Nd7 11.Re1 Nxe5 12.dxe5 Qd5 13.Qe2 Be7 14.c4 Qa5 15.Bd2 Qb6
16.Be3 Qc7 17.f4 O-O 18.Red1 Rfd8 19.b3 b6 20.Rxd8+ Rxd8 21.Rd1 Rd7 22.Rxd7 Qxd7
23.Qd2 Qxd2 24.Bxd2 h5 25.Kf2 Kf8  1/2-1/2

[Event "50th ch-IND Challengers 2012"]
[Site "Tirupati IND"]
[Date "2012.05.21"]
[Round "6.5"]
[White "Kiran,M"]
[Black "Roy Chowdhury,S"]
[Result "0-1"]
[WhiteElo "2208"]
[BlackElo "2411"]

1.e4 d6 2.d4 Nf6 3.Nc3 c6 4.h3 Nbd7 5.Nf3 e5 6.a4 Be7 7.Bc4 O-O 8.O-O b6
9.Re1 a6 10.d5 c5 11.Qd3 Ne8 12.Ne2 Nc7 13.Ng3 Rb8 14.Nh2 b5 15.Ba2 bxa4
16.Ng4 Nb6 17.Ne3 Bg5 18.c3 g6 19.Bb1 Ne8 20.Bc2 Ng7 21.Ng4 Bxc1 22.Rexc1 h5
23.Nh2 h4 24.Ne2 Bd7 25.c4 Nxc4 26.Qxc4 Bb5 27.Qc3 Bxe2 28.Rxa4 Nh5 29.Re1 Bb5
30.Ra2 Nf4 31.Qf3 Qg5 32.Nf1 Bc4 33.b3 Bxb3 34.Bxb3 Rxb3 35.Ne3 Nd3 36.Rea1 Nb4
37.Rxa6 Nxa6 38.Rxa6 Rb1+ 39.Kh2 Qf4+ 40.Qxf4 exf4 41.Nc4 Rc1 42.Nd2 Rb8
43.Ra2 c4  0-1

[Event "50th ch-IND Challengers 2012"]
[Site "Tirupati IND"]
[Date "2012.05.24"]
[Round "9.13"]
[White "Narayanan,SL"]
[Black "Ramnathan,B"]
[Result "1/2-1/2"]
[WhiteElo "2355"]
[BlackElo "2248"]

1.e4 d6 2.d4 Nf6 3.Nc3 Nbd7 4.f4 e5 5.Nf3 exd4 6.Qxd4 Be7 7.Be3 O-O 8.O-O-O c6
9.e5 Ng4 10.Bg1 dxe5 11.fxe5 Nb6 12.Qe4 Qc7 13.Bd3 f5 14.exf6 Nxf6 15.Bxb6 axb6
16.Qc4+ Kh8 17.Rde1 Ra5 18.Kb1 b5 19.Qh4 b4 20.Ne4 Ng4 21.Qg3 Qxg3 22.Nxg3 Bd6
23.Ne4 Bf4 24.g3 Bc7 25.Nd4 Rd5 26.Rhf1 Rxf1 27.Rxf1 Nf6 28.Nxf6 gxf6 29.Nf5 Bxf5
30.Rxf5  1/2-1/2

[Event "50th ch-IND Challengers 2012"]
[Site "Tirupati IND"]
[Date "2012.05.25"]
[Round "10.18"]
[White "Sangma,R"]
[Black "Gokhale,C"]
[Result "1/2-1/2"]
[WhiteElo "2327"]
[BlackElo "2218"]

1.e4 d6 2.d4 Nf6 3.Nc3 e5 4.Nf3 Nbd7 5.Bc4 Be7 6.O-O O-O 7.a4 c6 8.Qe2 Qc7
9.h3 b6 10.Rd1 a6 11.d5 cxd5 12.Bxd5 Bb7 13.Bxb7 Qxb7 14.Bg5 Rfc8 15.Nh2 h6
16.Bxf6 Nxf6 17.Ng4 Nxg4 18.Qxg4 g6 19.Qe2 Kg7 20.Nd5 Bd8 21.Rd3 Rc5 22.Rc3 Rxc3
23.Nxc3 b5 24.axb5 axb5 25.Rxa8 Qxa8 26.Nxb5 Qa1+ 27.Kh2 Qxb2 28.Nxd6 Qd4
29.Nc4 Be7 30.Nd2 Bc5 31.Nf3 Qb2 32.g3 Bb6 33.Kg2 Qc3 34.h4 h5 35.Qb5 Bc5
36.Qb3 Qa1 37.c3 Qa7 38.Nxe5 Bxf2 39.Qxf7+ Qxf7 40.Nxf7 Be1 41.Ng5 Bxc3 42.Ne6+ Kf6
43.Nf4 Bb2 44.Kf3 Ba3 45.Nd5+ Ke5 46.Nb6 Be7 47.Nc4+ Kd4 48.Na5 Bf6 49.Nb3+ Kc4
50.Na5+ Kb5 51.Nb3 Kc4 52.Nd2+ Kd3 53.Nf1 Bd4 54.Nh2 Be5 55.Nf1 Bd4 56.Kf4 Ke2
57.Nh2 Kf2 58.Kg5 Kxg3 59.Kxg6 Kxh2 60.Kxh5 Kg3 61.Kg5 Be3+ 62.Kf5 Kxh4 63.e5  1/2-1/2

[Event "Asian Nations Chess Cup w"]
[Site "Zaozhuang CHN"]
[Date "2012.05.25"]
[Round "8.4"]
[White "Dewi,A"]
[Black "Ankudinova,Y"]
[Result "1-0"]
[WhiteElo "2112"]
[BlackElo "2137"]

1.e4 d6 2.d4 Nf6 3.Nc3 e5 4.Nf3 exd4 5.Nxd4 Be7 6.Bd3 O-O 7.Nd5 Nxd5 8.exd5 Bf6
9.Ne2 Re8 10.O-O c6 11.Ng3 cxd5 12.Bb5 Nc6 13.c3 Qb6 14.Ba4 d4 15.Bc2 g6
16.Ne4 Bg7 17.Nxd6 Re6 18.Ne4 Bd7 19.b4 Rd8 20.Bg5 Rde8 21.Nc5 Rd6 22.Re1 Rxe1+
23.Qxe1 Ne5 24.f4 Ng4 25.Nxd7 Rxd7 26.Qe8+ Bf8 27.h3 d3+ 28.Kh1 Nf2+ 29.Kh2 Qd6
30.Ba4 Rc7 31.Rf1 h6 32.Bxh6 Kh7 33.Qxf8 Qxf8 34.Bxf8 Ne4 35.Bc5 Nxc5 36.bxc5 Rxc5
37.Rc1 b5 38.Bd1 Rc4 39.Bb3 Rxf4 40.Rd1 a5 41.Rxd3 a4 42.Bd5 Kg7 43.Rf3 Rxf3
44.Bxf3  1-0

[Event "31st OCF NAO FIDE Open"]
[Site "Stillwater USA"]
[Date "2012.05.26"]
[Round "2.9"]
[White "Berry,Ja"]
[Black "Giminez,Randy"]
[Result "1-0"]
[WhiteElo "2010"]
[BlackElo "1827"]

1.e4 d6 2.d4 Nf6 3.Nc3 Nbd7 4.Bc4 e5 5.d5 Be7 6.Bb3 O-O 7.Nf3 b5 8.a3 a5
9.Bg5 Ba6 10.Bxf6 Bxf6 11.a4 bxa4 12.Nxa4 Qb8 13.Qd2 Nb6 14.Nxb6 cxb6 15.c3 Rc8
16.Bc2 b5 17.Bd3 Bd8 18.O-O Bb6 19.h4 h6 20.h5 Qc7 21.Qe2 Qd7 22.Nh4 a4 23.Nf5 Bd8
24.Qg4  1-0